| 000 | 00609 a2200229 4500 | ||
|---|---|---|---|
| 003 | 43659 | ||
| 005 | 20250930204437.0 | ||
| 008 | 250930b |||||||| |||| 00| 0 eng d | ||
| 022 | _a27566943 | ||
| 040 |
_cNile University of Nigeria ,Abuja _erda |
||
| 050 | _aK 60 .N5/ | ||
| 082 | _aK 60 .N5/ | ||
| 245 | _aNAILS HEALTH LAW AND POLICY JOURNAL | ||
| 250 | _aVol2{1/2} 2020 | ||
| 260 |
_aLagos _bNIALS PUBLISHER _c2020 |
||
| 264 |
_aLagos _bNIALS PUBLISHER _c2020 |
||
| 300 | _axvii, 362pg., 35 cm. | ||
| 336 | _2rdacontent | ||
| 338 | _2rdacarrier | ||
| 500 | _ainclude Index | ||
| 942 |
_2lcc _cSERIAL |
||
| 999 |
_c43658 _d43658 |
||